Statistiken für Super League Darts Germany

Klicken Sie hier um das Quiz zu spielen!

Allgemein

  • Dieses Quiz wurde 200 mal gespielt
    (62 seit der letzten Aktualisierung)
  • Das Durchschnittsergebnis liegt bei 8 aus 11

Antwortstatistiken

JahrSpieler% Korrekt
2014Max Hopp
98%
2021Martin Schindler
96%
2019Nico Kurz
81%
2020Nico Kurz
81%
2016Dragutin Horvat
80%
2022Florian Hempel
80%
2023Dragutin Horvat
78%
2015René Eidams
65%
2013Andree Welge
54%
2018Robert Marijanović
50%
2017Kevin Münch
41%

Verteilung der Resultate

Perzentil nach korrekt beantworteten Fragen

Anzahl Personen mit jedem Resultat

Ihre Resultats-Entwicklung

Sie haben dieses Quiz seit der letzten Aktualisierung nicht gespielt